Quantum Physics Of Atoms, Molecules, Solids, Nuclei And Practicles (Record no. 199527)

MARC details
000 -LEADER
fixed length control field 00458nam a2200157Ia 4500
008 - FIXED-LENGTH DATA ELEMENTS--GENERAL INFORMATION
fixed length control field 230714s9999 xx 000 0 und d
041 ## - LANGUAGE CODE
Language code of text/sound track or separate title eng
082 ## - DEWEY DECIMAL CLASSIFICATION NUMBER
Classification number 539
Item number EIS
100 ## - MAIN ENTRY--PERSONAL NAME
Personal name Eisberg R.
245 ## - TITLE STATEMENT
Title Quantum Physics Of Atoms, Molecules, Solids, Nuclei And Practicles
260 ## - PUBLICATION, DISTRIBUTION, ETC. (IMPRINT)
Date of publication, distribution, etc. 2008
Name of publisher, distributor, etc. Wiley India
300 ## - PHYSICAL DESCRIPTION
Extent 828
365 ## - TRADE PRICE
Currency code Rs.
Price amount 519.00
700 ## - ADDED ENTRY--PERSONAL NAME
Personal name Eisberg R. & Resnick R.
9 (RLIN) 191069
906 ## - LOCAL DATA ELEMENT F, LDF (RLIN)
d O:0053210-Feb-2010B:100507-Jan-2010
c SS
b 207.6

No items available.